[Event "Gipuzkoako Txapelketa Nagusia"]
[Site "Donostia"]
[Date "2008.10.25"]
[Round "1.1"]
[White "Argandona Riveiro, Inigo"]
[Black "Arana Garate, Jon"]
[Result "0-1"]
[WhiteElo "2385"]
[BlackElo "1917"]
[PlyCount "98"]
[EventDate "2008.10.25"]
[EventRounds "7"]
[EventCountry "ESP"]

1. d4 Nf6 2. Nf3 d5 3. c4 e6 4. g3 Bd6 5. Bg2 h6 6. Nbd2 Nbd7 7. b3 O-O 8. Bb2
c6 9. O-O b5 10. Ne5 Bb7 11. e4 Qc7 12. Nd3 Be7 13. e5 Ne8 14. c5 a5 15. b4
axb4 16. Nb3 Qd8 17. Nxb4 Nb6 18. Bc3 Nc4 19. Nd2 Nc7 20. Nxc4 bxc4 21. a4 f6
22. exf6 Bxf6 23. f4 Na6 24. Nxa6 Bxa6 25. Re1 Re8 26. Bh3 Bc8 27. Rb1 Qc7 28.
Rb6 Bd8 29. f5 Qf7 30. Rxc6 exf5 31. Rd6 Bc7 32. Rxd5 Rxe1+ 33. Qxe1 Be6 34.
Re5 Bxe5 35. Qxe5 Bd5 36. a5 Re8 37. Qxf5 Qxf5 38. Bxf5 Re3 39. Bb4 Rb3 40. Be1
Kf7 41. g4 g6 42. Bd7 Be6 43. Bxe6+ Kxe6 44. c6 c3 45. d5+ Kd6 46. Bg3+ Ke7 47.
d6+ Kd8 48. Be5 c2 49. Bf6+ Ke8 0-1

[Event "Gipuzkoako Txapelketa Nagusia"]
[Site "Donostia"]
[Date "2008.10.25"]
[Round "1.1"]
[White "Guerrero Itarte, Alfredo"]
[Black "Martin Alvarez, Inigo"]
[Result "0-1"]
[WhiteElo "1910"]
[BlackElo "2212"]
[PlyCount "82"]
[EventDate "2008.10.25"]
[EventRounds "7"]
[EventCountry "ESP"]

1. d4 d5 2. Nf3 Nf6 3. g3 c6 4. Bg2 Bf5 5. c4 Nbd7 6. cxd5 cxd5 7. Nc3 e6 8.
O-O h6 9. Ne5 Be7 10. Qb3 O-O 11. Qxb7 Nxe5 12. dxe5 Nd7 13. e4 Nc5 14. Qb5
dxe4 15. Be3 Rb8 16. Qe2 Qc7 17. Bd4 Rfd8 18. Be3 Nd3 19. Rab1 Qxe5 20. Bxa7
Rb7 21. Be3 Rdb8 22. Na4 g5 23. Rfd1 Bg6 24. b3 f5 25. Bxg5 Bxg5 26. Rxd3 Qb5
27. Re3 Bxe3 28. Qxe3 Kh7 29. Re1 Rd7 30. h4 Rbd8 31. Nb6 Rd1 32. Rxd1 Rxd1+
33. Kh2 Qa5 34. Nc4 Qxa2 35. h5 Bxh5 36. Bxe4 fxe4 37. Qxe4+ Bg6 38. Qb7+ Kg8
39. Qb8+ Kg7 40. Qc7+ Bf7 41. Qe5+ Kg8 0-1

[Event "Gipuzkoako Txapelketa Nagusia"]
[Site "Donostia"]
[Date "2008.10.25"]
[Round "1.1"]
[White "Olaizola Ortega, Luis"]
[Black "Rodriguez Cabrera, Fco  Javier"]
[Result "1-0"]
[WhiteElo "2205"]
[BlackElo "1909"]
[PlyCount "147"]
[EventDate "2008.10.25"]
[EventRounds "7"]
[EventCountry "ESP"]

1. d4 Nf6 2. Nf3 g6 3. c4 Bg7 4. Nc3 O-O 5. e4 d6 6. Be2 e5 7. Be3 Nc6 8. d5
Ne7 9. Nd2 Nd7 10. f3 f5 11. Qc2 c6 12. dxc6 bxc6 13. O-O-O Qc7 14. Nb3 Bb7 15.
Rd2 Nf6 16. Rhd1 Rfd8 17. g4 f4 18. Bf2 a6 19. g5 Ne8 20. Na4 c5 21. Nc3 Bf8
22. Qd3 Rdb8 23. Bf1 Bc8 24. h4 Be6 25. Kb1 Rb4 26. Nd5 Nxd5 27. cxd5 Bd7 28.
Rc1 Qb7 29. Qc3 a5 30. Na1 Rb8 31. Bc4 Bb5 32. Bxb5 Rxb5 33. Nb3 Ra8 34. Rdc2
Nc7 35. Nd2 a4 36. Nc4 Rb4 37. Na3 Nb5 38. Nxb5 Qxb5 39. Qa3 Rb8 40. Be1 Rd4
41. Ka1 c4 42. Rd2 Rc8 43. Qc3 Rxd2 44. Qxd2 Qc5 45. Bf2 Qb5 46. a3 Be7 47. Qb4
Qa6 48. Ka2 Bd8 49. Rc2 Kf7 50. Rc1 Kg8 51. Bg1 Kf7 52. Bf2 Ke7 53. Bg1 Kd7 54.
Rc2 Ke7 55. Bf2 Kd7 56. Rc1 Ke7 57. Bg1 Kd7 58. Rc3 Qa5 59. Rxc4 Rxc4 60. Qxc4
Bc7 61. Bf2 Bd8 62. Qc6+ Ke7 63. Qc3 Qb5 64. Qb4 Qe2 65. Bg1 Qxf3 66. Qxa4 Qg2
67. Qa7+ Kf8 68. Qd7 Be7 69. Qc8+ Kg7 70. Qd7 Kf8 71. Qc8+ Kg7 72. Qe8 Bf8 73.
Qd7+ Kh8 74. Qf7 1-0

[Event "Gipuzkoako Txapelketa Nagusia"]
[Site "Donostia"]
[Date "2008.10.25"]
[Round "1.1"]
[White "Zubia Aramburu, Mikel"]
[Black "Sanz Perez, Eduardo"]
[Result "0-1"]
[WhiteElo "1895"]
[BlackElo "2184"]
[PlyCount "104"]
[EventDate "2008.10.25"]
[EventRounds "7"]
[EventCountry "ESP"]

1. c4 e5 2. Nc3 d6 3. g3 Nc6 4. Bg2 Be6 5. b3 f5 6. e3 e4 7. d4 Nb4 8. Bf1 Bf7
9. Nh3 Nf6 10. a3 Bh5 11. Qd2 Nc6 12. Nf4 Bf3 13. Bg2 Bxg2 14. Nxg2 g6 15. Bb2
Bg7 16. Nf4 Qd7 17. Rc1 O-O 18. Nce2 Ng4 19. h3 Nh6 20. b4 Nf7 21. h4 a6 22.
Nd5 Nh6 23. b5 Ne7 24. Nef4 Nxd5 25. Nxd5 Qf7 26. b6 cxb6 27. Nxb6 Rad8 28. Nd5
b5 29. Qb4 Ng4 30. Nf4 bxc4 31. Qxc4 Qxc4 32. Rxc4 Rc8 33. Rb4 a5 34. Rb7 Rb8
35. Rxb8 Rxb8 36. Bc1 Rc8 37. O-O Rc2 38. h5 Nxf2 39. Rxf2 Rxc1+ 40. Kg2 Rc3
41. Nd5 Rxa3 42. hxg6 hxg6 43. Rb2 a4 44. Rb7 Ra2+ 45. Kh3 a3 46. Kh4 Rg2 47.
Kh3 Rd2 48. Ra7 a2 49. Ne7+ Kh7 50. Nd5 Kh6 51. Nf4 g5 52. Ng2 Rd1 0-1

[Event "Gipuzkoako Txapelketa Nagusia"]
[Site "Donostia"]
[Date "2008.10.25"]
[Round "1.1"]
[White "Alcaide Luque, Aitor"]
[Black "Cantabrana Garona, Alejandro"]
[Result "1-0"]
[WhiteElo "2144"]
[BlackElo "1834"]
[PlyCount "58"]
[EventDate "2008.10.25"]
[EventRounds "7"]
[EventCountry "ESP"]

1. d4 f5 2. h3 d6 3. g4 fxg4 4. hxg4 Bxg4 5. f3 Be6 6. Nh3 Bxh3 7. Bxh3 Nd7 8.
Bf5 e5 9. Rxh7 Rxh7 10. Bg6+ Ke7 11. Bg5+ Ngf6 12. Bxh7 Qe8 13. Qd3 Qh5 14. Qf5
Kf7 15. Bxf6 Qxf5 16. Bxf5 Nxf6 17. dxe5 dxe5 18. Nd2 g6 19. Bd3 Bh6 20. Nc4
Re8 21. Rd1 b6 22. Kf2 g5 23. Bf5 Bf8 24. c3 Bc5+ 25. Kg2 b5 26. Na5 Nh5 27. e4
Nf4+ 28. Kg3 Bd6 29. Rh1 Bf8 {Tiempo} 1-0

[Event "Gipuzkoako Txapelketa Nagusia"]
[Site "Donostia"]
[Date "2008.10.25"]
[Round "1.1"]
[White "Kuende Gorostidi, Jon"]
[Black "Corral Sierra, Javier"]
[Result "0-1"]
[WhiteElo "1826"]
[BlackElo "2116"]
[PlyCount "73"]
[EventDate "2008.10.25"]
[EventRounds "7"]
[EventCountry "ESP"]

1. e4 c5 2. Nf3 e6 3. d4 cxd4 4. Nxd4 Nf6 5. Nc3 Nc6 6. Ndb5 d6 7. Bf4 e5 8.
Bg5 a6 9. Na3 b5 10. Nd5 Be7 11. Bxf6 Bxf6 12. c4 bxc4 13. Nxc4 O-O 14. Nxf6+
Qxf6 15. Qxd6 Qxd6 16. Nxd6 Nb4 17. Rc1 Nxa2 18. Rc7 Be6 19. Be2 Rfb8 20. Nc4
f6 21. O-O Rc8 22. Nb6 Rxc7 23. Nxa8 Rc6 24. Rd1 Kf7 25. g3 Ke7 26. b4 Nc3 27.
Rd2 Bc8 28. Kg2 Bb7 29. b5 axb5 30. Bg4 Rd6 31. Rxd6 Kxd6 32. Nb6 Bxe4+ 33. f3
Bb7 34. Nc8+ Bxc8 35. Bxc8 b4 36. Bf5 e4 37. fxe4 0-1

[Event "Gipuzkoako Txapelketa Nagusia"]
[Site "Donostia"]
[Date "2008.10.25"]
[Round "1.1"]
[White "Urretavizcaya Merino, Asier"]
[Black "Nogues Fernandez, Ramon"]
[Result "1-0"]
[WhiteElo "2066"]
[BlackElo "1824"]
[PlyCount "55"]
[EventDate "2008.10.25"]
[EventRounds "7"]
[EventCountry "ESP"]

1. d4 Nf6 2. c4 c5 3. d5 g6 4. Nc3 Bg7 5. e4 d6 6. Nf3 O-O 7. Be2 e6 8. O-O
exd5 9. cxd5 Re8 10. Nd2 Na6 11. Re1 Nc7 12. a4 b6 13. Qc2 Rb8 14. Nc4 a6 15.
Bf4 Bf8 16. Rad1 b5 17. Na5 Ncxd5 18. Rxd5 Qxa5 19. Bxd6 Nxd5 20. Bxb8 Nb4 21.
Qd2 Be6 22. Qf4 Qb6 23. Bc7 Qb7 24. axb5 axb5 25. Bxb5 Rc8 26. Be5 Nc6 27. Bxc6
Qxc6 28. Qf6 1-0

[Event "Gipuzkoako Txapelketa Nagusia"]
[Site "Donostia"]
[Date "2008.10.25"]
[Round "1.1"]
[White "Galarraga Lasa, Jon Gurutz"]
[Black "Tejedor Txapartegui, Nabar"]
[Result "0-1"]
[WhiteElo "1814"]
[BlackElo "2051"]
[PlyCount "80"]
[EventDate "2008.10.25"]
[EventRounds "7"]
[EventCountry "ESP"]

1. e4 d5 2. exd5 Nf6 3. d4 Bg4 4. f3 Bf5 5. c4 e6 6. dxe6 Nc6 7. exf7+ Kxf7 8.
d5 Nb4 9. Na3 Bc5 10. Be2 Re8 11. Kf1 Qe7 12. Bd2 Nd3 13. Qc2 Nf2 14. Qxf5 Nxh1
15. Bd3 Qd6 16. Bf4 Qb6 17. Nh3 Qxb2 18. Nc2 Kg8 19. Rd1 Re7 20. g4 Rf8 21. Kg2
Nf2 22. Nxf2 Bxf2 23. Kxf2 Ne4+ 24. fxe4 Rxf5 25. gxf5 Qb6+ 26. Be3 Qf6 27. h3
Qh4+ 28. Kg2 Rxe4 29. Rd2 Re8 30. Rf2 Rxe3 31. Nxe3 Qd4 32. Bc2 Qxe3 33. Bb3
Kf8 34. Rf3 Qe4 35. Kg3 h5 36. Kf2 Qd4+ 37. Ke2 a5 38. a4 Qb2+ 39. Kf1 Ke7 40.
Rf2 Qxb3 0-1

[Event "Gipuzkoako Txapelketa Nagusia"]
[Site "Donostia"]
[Date "2008.10.25"]
[Round "1.1"]
[White "Garro Beraza, Haritz"]
[Black "Izagirre Alsua, Aritz"]
[Result "1-0"]
[WhiteElo "2032"]
[BlackElo "1807"]
[PlyCount "41"]
[EventDate "2008.10.25"]
[EventRounds "7"]
[EventCountry "ESP"]

1. e4 c5 2. Nf3 Nc6 3. d4 cxd4 4. Nxd4 e6 5. Nc3 d6 6. Be3 Nf6 7. f3 Be7 8. Qd2
a6 9. O-O-O Qc7 10. g4 Bd7 11. Kb1 Nxd4 12. Bxd4 O-O-O 13. g5 Ne8 14. Qe3 Qc6
15. Ba7 h6 16. gxh6 Rxh6 17. Nd5 exd5 18. exd5 Bg5 19. Qxg5 Qa4 20. Bb6 Nc7 21.
Rd4 1-0

[Event "Gipuzkoako Txapelketa Nagusia"]
[Site "Donostia"]
[Date "2008.10.25"]
[Round "1.1"]
[White "Alvarado Fernandez, Mikel"]
[Black "Iglesias Gonzalez, Veronica"]
[Result "1-0"]
[WhiteElo "2011"]
[BlackElo "1805"]
[PlyCount "123"]
[EventDate "2008.10.25"]
[EventRounds "7"]
[EventCountry "ESP"]

1. d4 d5 2. Bg5 Nf6 3. Bxf6 exf6 4. e3 c6 5. c4 Be6 6. Qb3 b6 7. Nc3 dxc4 8.
Bxc4 Bxc4 9. Qxc4 b5 10. Qd3 Bd6 11. Nf3 O-O 12. O-O Nd7 13. Rac1 Nb6 14. Ne4
Rc8 15. Nfd2 Nd5 16. Nxd6 Qxd6 17. Ne4 Qe7 18. Rc5 Nb4 19. Qb1 Rfe8 20. Ng3 g6
21. Rfc1 Qe6 22. a3 Na6 23. d5 cxd5 24. Rxb5 Qd7 25. Rb3 Rb8 26. Rbc3 Qb5 27.
b4 Rbd8 28. Qd3 Nc7 29. Qd4 Ne6 30. Qxf6 d4 31. exd4 Rxd4 32. h4 Rf4 33. Rc5
Nxc5 34. Qxf4 Nd3 35. Qc4 Re1+ 36. Nf1 Qxc4 37. Rxc4 Ra1 38. Rc3 Nf4 39. Re3
Nd5 40. Rb3 Nb6 41. Rc3 Kg7 42. g3 h5 43. Kg2 Nd5 44. Rc5 Nf6 45. Ra5 Ra2 46.
Ne3 Ne4 47. Nd1 Rd2 48. Kf3 Nd6 49. Ne3 Rd3 50. Rd5 Rxd5 51. Nxd5 Nc4 52. a4
Kh6 53. Ke4 g5 54. Kd4 Nd6 55. a5 gxh4 56. gxh4 Kg6 57. Kc5 Ne4+ 58. Kc6 Nxf2
59. b5 Nd3 60. b6 axb6 61. axb6 Ne5+ 62. Kc7 1-0

[Event "Gipuzkoako Txapelketa Nagusia"]
[Site "Donostia"]
[Date "2008.10.25"]
[Round "1.1"]
[White "Olmo Vega, Diego"]
[Black "Sanchez Ruesga, Hector"]
[Result "1-0"]
[WhiteElo "1977"]
[BlackElo "1783"]
[PlyCount "69"]
[EventDate "2008.10.25"]
[EventRounds "7"]
[EventCountry "ESP"]

1. e4 e5 2. Nf3 Nf6 3. Nxe5 d6 4. Nf3 Nxe4 5. d4 d5 6. Bd3 c6 7. O-O Be7 8. Re1
Nf6 9. Qe2 h6 10. Bf4 Be6 11. Nbd2 O-O 12. Ne5 Nbd7 13. Ndf3 Nxe5 14. dxe5 Nh7
15. c3 Re8 16. Nd4 Bg5 17. Bg3 Bd7 18. f4 Bh4 19. Qh5 Bxg3 20. hxg3 c5 21. Nf5
Bxf5 22. Qxf5 g6 23. Qh3 Qb6 24. Kh2 c4 25. Bc2 Qxb2 26. Ba4 b5 27. Rab1 Qxc3
28. Bxb5 Re7 29. Qxh6 Nf8 30. Bc6 Rd8 31. Bxd5 Qd4 32. Red1 Qc5 33. Bxc4 Red7
34. Rxd7 Rxd7 35. Rb8 1-0

[Event "Gipuzkoako Txapelketa Nagusia"]
[Site "Donostia"]
[Date "2008.10.25"]
[Round "1.1"]
[White "Jimenez Crespo, Inigo"]
[Black "Garro Beraza, Julen"]
[Result "1-0"]
[WhiteElo "1953"]
[BlackElo "1761"]
[PlyCount "160"]
[EventDate "2008.10.25"]
[EventRounds "7"]
[EventCountry "ESP"]

1. Nc3 c5 2. Nf3 Nc6 3. e4 d6 4. g3 g6 5. d4 cxd4 6. Nxd4 Bg7 7. Be3 Nf6 8. h3
O-O 9. Bg2 Bd7 10. O-O a6 11. Qd2 Rc8 12. Rac1 b5 13. Nde2 Ne5 14. b3 Bc6 15.
Nd5 Ned7 16. Nd4 Bb7 17. c4 bxc4 18. bxc4 Nc5 19. f3 Nfd7 20. Rc2 e6 21. Nc3
Qc7 22. Nb3 Rfd8 23. Rd1 Nb6 24. Ne2 Bc6 25. Bf1 Ba4 26. Nec1 Rb8 27. Qf2 Qe7
28. Bd4 Bxd4 29. Rxd4 e5 30. Rdd2 Nbd7 31. Rb2 Ne6 32. Ne2 Ndc5 33. Na1 Rb7 34.
Nc3 Bc6 35. Rxb7 Qxb7 36. Rb2 Qa7 37. Nc2 Rb8 38. Nb4 Be8 39. Nbd5 Rxb2 40.
Qxb2 Nd3+ 41. Qb6 Qxb6+ 42. Nxb6 Ndc5 43. Ncd5 Kg7 44. Nc8 Nb7 45. h4 h5 46.
Kf2 Bd7 47. Ncb6 Be8 48. Ke3 Nbc5 49. Nc8 Nb7 50. Be2 Nd4 51. Nc7 Bd7 52. Nb6
Bc6 53. Nxa6 f5 54. Nb4 Be8 55. Bd1 Nc5 56. Nc8 Nb7 57. Nd5 Bd7 58. Ncb6 Be6
59. Nc7 Bf7 60. Nb5 Nxb5 61. cxb5 Bxa2 62. Na4 Be6 63. Nc3 Kf7 64. b6 Bc8 65.
Ba4 Ke7 66. Bc6 Na5 67. Bd5 Nb7 68. Bg8 Kf8 69. Bc4 Na5 70. Bd5 Nb7 71. Kd3 Ke7
72. Kc4 Kd7 73. Kb5 Nc5 74. Bf7 Ba6+ 75. Ka5 Bd3 76. Bxg6 fxe4 77. Bf5+ Kd8 78.
Bxe4 Bc4 79. Bd5 Bd3 80. Ne4 Kc8 1-0

[Event "Gipuzkoako Txapelketa Nagusia"]
[Site "Donostia"]
[Date "2008.11.01"]
[Round "2.1"]
[White "Martin Alvarez, Inigo"]
[Black "Alvarado Fernandez, Mikel"]
[Result "1-0"]
[WhiteElo "2212"]
[BlackElo "2011"]
[PlyCount "65"]
[EventDate "2008.10.25"]
[EventRounds "7"]
[EventCountry "ESP"]

1. e4 g6 2. d4 Bg7 3. Nc3 d5 4. exd5 Nf6 5. Bb5+ Nbd7 6. Nf3 O-O 7. O-O Nb6 8.
Be2 Nbxd5 9. Nxd5 Qxd5 10. c4 Qd6 11. h3 c6 12. Be3 b6 13. Qb3 Qc7 14. Rac1 Bb7
15. Rfd1 Rad8 16. a3 Rfe8 17. Qa2 Nd7 18. b4 c5 19. d5 Ne5 20. bxc5 bxc5 21.
Rb1 Ba6 22. Qb3 Nxf3+ 23. Bxf3 Be5 24. Qa4 Bc8 25. Qc6 Qxc6 26. dxc6 Rxd1+ 27.
Bxd1 Bf5 28. Rb7 Be4 29. Bf3 Bxf3 30. gxf3 Rc8 31. Rxe7 Bf6 32. Rxa7 Rxc6 33.
a4 1-0

[Event "Gipuzkoako Txapelketa Nagusia"]
[Site "Donostia"]
[Date "2008.11.01"]
[Round "2.1"]
[White "Galarza Cenzano, Inigo"]
[Black "Olaizola Ortega, Luis"]
[Result "1-0"]
[WhiteElo "2022"]
[BlackElo "2205"]
[PlyCount "87"]
[EventDate "2008.10.25"]
[EventRounds "7"]
[EventCountry "ESP"]

1. e4 e6 2. d3 d5 3. Nd2 c5 4. Ngf3 Nc6 5. g3 Nf6 6. Bg2 Be7 7. O-O b5 8. Re1
b4 9. c3 O-O 10. e5 Nd7 11. h4 a5 12. Nf1 a4 13. a3 bxc3 14. bxc3 Ba6 15. Bf4
Nb6 16. N1h2 Na5 17. Bf1 Nb3 18. Ra2 Rb8 19. Ng5 Qe8 20. Ng4 Nd7 21. c4 Bb7 22.
Ne3 Nb6 23. Ng4 dxc4 24. dxc4 Bxg5 25. hxg5 Qc6 26. f3 Rfd8 27. Qb1 Qxf3 28.
Rh2 Qxg4 29. Qxh7+ Kf8 30. Bh3 Qf3 31. Qh8+ Ke7 32. Qxg7 Rd1 33. Qf6+ Ke8 34.
Rf1 Nd7 35. Qg7 Be4 36. Bg2 Rxf1+ 37. Bxf1 Nd4 38. g6 Ne2+ 39. Rxe2 Bxg6 40.
Qh8+ Nf8 41. Bh6 Rb1 42. Qxf8+ Kd7 43. Rd2+ Bd3 44. Qd6+ 1-0

[Event "Gipuzkoako Txapelketa Nagusia"]
[Site "Donostia"]
[Date "2008.11.01"]
[Round "2.1"]
[White "Sanz Perez, Eduardo"]
[Black "Olmo Vega, Diego"]
[Result "1-0"]
[WhiteElo "2184"]
[BlackElo "1977"]
[PlyCount "137"]
[EventDate "2008.10.25"]
[EventRounds "7"]
[EventCountry "ESP"]

1. e4 c5 2. Nc3 e6 3. g3 d5 4. exd5 exd5 5. Bg2 Nf6 6. d3 d4 7. Ne4 Nxe4 8.
Bxe4 Nd7 9. Qe2 Be7 10. Bg5 h6 11. Bxe7 Qxe7 12. O-O-O Nf6 13. Bg2 Qxe2 14.
Nxe2 Kd7 15. b4 Re8 16. Rhe1 Kd6 17. Kd2 Rb8 18. bxc5+ Kxc5 19. Rb1 b6 20. Nxd4
Bd7 21. c3 Ng4 22. f3 Ne5 23. f4 Ng4 24. h3 Nf6 25. Re5+ Kd6 26. Nb5+ Bxb5 27.
Rbxb5 a6 28. Rxe8 Nxe8 29. Rd5+ Ke7 30. Re5+ Kf6 31. g4 Nc7 32. h4 g6 33. d4
Ne6 34. f5 Nf4 35. Bf1 b5 36. fxg6 fxg6 37. g5+ hxg5 38. hxg5+ Kf7 39. Rc5 Rb6
40. Rc7+ Ke6 41. Rc5 Rd6 42. Re5+ Kd7 43. Re4 Nd5 44. Bh3+ Kc7 45. Be6 Ne7 46.
Bb3 Kd7 47. a4 Nf5 48. Re5 Rb6 49. a5 Rd6 50. Rd5 Ne7 51. Rxd6+ Kxd6 52. Bc2
Kd5 53. Bd3 Ke6 54. Be4 Nf5 55. Kd3 Nd6 56. Bxg6 Nc4 57. Bh5 Nxa5 58. Bg4+ Kf7
59. Bc8 Nc4 60. Bxa6 Nd6 61. Ke3 Kg6 62. Kf4 Nf7 63. Bxb5 Nxg5 64. Bd7 Kf6 65.
c4 Nf7 66. c5 Ke7 67. Bf5 Kd8 68. Be6 Nh8 69. Kf5 1-0

[Event "Gipuzkoako Txapelketa Nagusia"]
[Site "Donostia"]
[Date "2008.11.01"]
[Round "2.1"]
[White "Argandona Riveiro, Jon"]
[Black "Alcaide Luque, Aitor"]
[Result "0-1"]
[WhiteElo "1983"]
[BlackElo "2144"]
[PlyCount "60"]
[EventDate "2008.10.25"]
[EventRounds "7"]
[EventCountry "ESP"]

1. e4 c5 2. Nf3 g6 3. d3 Bg7 4. c3 Nc6 5. g3 d6 6. Bg2 e5 7. O-O Nge7 8. Re1
O-O 9. Na3 Rb8 10. Be3 b5 11. Qd2 b4 12. Nc4 Ba6 13. Bh6 bxc3 14. bxc3 Na5 15.
Nxa5 Qxa5 16. Bxg7 Kxg7 17. Rad1 Qa3 18. d4 Rb2 19. Qg5 f6 20. Qg4 Bc8 21. Qh4
Qxc3 22. dxe5 dxe5 23. Rc1 Qa5 24. Nxe5 Qd2 25. Rf1 g5 26. Qh5 fxe5 27. Rcd1
Qc3 28. Qxg5+ Ng6 29. h4 h6 30. Qh5 Rd2 0-1

[Event "Gipuzkoako Txapelketa Nagusia"]
[Site "Donostia"]
[Date "2008.11.01"]
[Round "2.1"]
[White "Corral Sierra, Javier"]
[Black "Jimenez Crespo, Inigo"]
[Result "1-0"]
[WhiteElo "2116"]
[BlackElo "1953"]
[PlyCount "79"]
[EventDate "2008.10.25"]
[EventRounds "7"]
[EventCountry "ESP"]

1. Nf3 Nc6 2. c4 e5 3. Nc3 f5 4. d3 Nf6 5. e3 d5 6. cxd5 Nxd5 7. Bd2 Be6 8. a3
Be7 9. Rc1 Nb6 10. b4 a6 11. Be2 O-O 12. O-O Kh8 13. Qc2 Qe8 14. Qb1 Rd8 15.
Rfd1 Qg6 16. Be1 f4 17. Kh1 fxe3 18. fxe3 Nd5 19. Bd2 Nf6 20. Rf1 e4 21. dxe4
Ng4 22. Nd5 Bxd5 23. exd5 Qxb1 24. Rxb1 Rxd5 25. e4 Rdd8 26. Bc3 Bf6 27. Rbc1
Bxc3 28. Rxc3 Rc8 29. h3 Nf6 30. Nd2 Nd7 31. Bxa6 Nd8 32. Bd3 Re8 33. Rfc1 Ne6
34. g3 Ng5 35. Rxc7 Rxc7 36. Rxc7 Rd8 37. Bc4 b5 38. Bd5 Nxh3 39. Kg2 Ng5 40.
Nf3 {Ilegible} 1-0

[Event "Gipuzkoako Txapelketa Nagusia"]
[Site "Donostia"]
[Date "2008.11.01"]
[Round "2.1"]
[White "Juez Villar, Erik"]
[Black "Urretavizcaya Merino, Asier"]
[Result "1-0"]
[WhiteElo "1960"]
[BlackElo "2066"]
[PlyCount "67"]
[EventDate "2008.10.25"]
[EventRounds "7"]
[EventCountry "ESP"]

1. d4 d5 2. c4 e6 3. Nc3 Nf6 4. cxd5 exd5 5. Bg5 Be7 6. e3 c6 7. Bd3 Nbd7 8.
Qc2 h6 9. Bh4 O-O 10. Nge2 Re8 11. f3 c5 12. g4 a6 13. Bf2 b5 14. h4 c4 15. Bf5
Nb6 16. Nf4 Bd6 17. Nce2 c3 18. b3 Bxf5 19. Qxf5 Qd7 20. Qc2 Nh7 21. Kf1 b4 22.
Rg1 Nf8 23. Nh5 Ng6 24. f4 Qe7 25. g5 Nf8 26. Neg3 hxg5 27. hxg5 Nh7 28. Nxg7
Qd7 29. N7f5 Bf8 30. Nh5 Kh8 31. Rh1 Re6 32. Nf6 Rxf6 33. gxf6 Qe6 34. Ng3 1-0

[Event "Gipuzkoako Txapelketa Nagusia"]
[Site "Donostia"]
[Date "2008.11.01"]
[Round "2.1"]
[White "Irure Crespo, Egoitz"]
[Black "Garro Beraza, Haritz"]
[Result "1-0"]
[WhiteElo "1935"]
[BlackElo "2032"]
[PlyCount "51"]
[EventDate "2008.10.25"]
[EventRounds "7"]
[EventCountry "ESP"]

1. e4 c5 2. Nf3 d6 3. d4 cxd4 4. Nxd4 Nf6 5. Nc3 a6 6. Bg5 e6 7. f4 Be7 8. Qf3
h6 9. Bh4 g5 10. fxg5 Nfd7 11. Nxe6 fxe6 12. Qh5+ Kf8 13. Bb5 Kg7 14. O-O Ne5
15. Bg3 Ng6 16. gxh6+ Rxh6 17. Rf7+ Kxf7 18. Qxh6 axb5 19. Rf1+ Ke8 20. Qxg6+
Kd7 21. Rf7 Nc6 22. Nd5 Rxa2 23. Nxe7 Qb6+ 24. Kf1 Nxe7 25. Rxe7+ Kc6 26. Qe8+
1-0

[Event "Gipuzkoako Txapelketa Nagusia"]
[Site "Donostia"]
[Date "2008.11.01"]
[Round "2.1"]
[White "Arana Garate, Jon"]
[Black "Guerrero Itarte, Alfredo"]
[Result "1-0"]
[WhiteElo "1917"]
[BlackElo "1910"]
[PlyCount "83"]
[EventDate "2008.10.25"]
[EventRounds "7"]
[EventCountry "ESP"]

1. d4 Nf6 2. c4 g6 3. Nc3 Bg7 4. e4 d6 5. f3 O-O 6. Be3 Nc6 7. Bd3 e5 8. Nge2
exd4 9. Nxd4 Ng4 10. fxg4 Nxd4 11. O-O Nc6 12. Be2 b6 13. Qd2 Ne5 14. Bg5 Qd7
15. Nd5 Kh8 16. Be7 Bb7 17. Bxf8 Rxf8 18. g5 Bxd5 19. exd5 a5 20. Rae1 Kg8 21.
b3 Ra8 22. a4 Qd8 23. Qf4 Qf8 24. Qg3 Qe7 25. Rf4 h5 26. gxh6 Bxh6 27. Rff1 Bd2
28. Rd1 Bb4 29. Rf4 Bc5+ 30. Kh1 Kg7 31. Rh4 Rh8 32. Rxh8 Kxh8 33. Rf1 Kg7 34.
h4 Qd8 35. Qf4 Qe7 36. g3 Nd7 37. Bg4 f5 38. Bh3 Nf6 39. g4 Be3 40. Qf3 f4 41.
Re1 Nd7 42. Qxf4 1-0

[Event "Gipuzkoako Txapelketa Nagusia"]
[Site "Donostia"]
[Date "2008.11.01"]
[Round "2.1"]
[White "Izagirre Alsua, Aritz"]
[Black "Argandona Riveiro, Inigo"]
[Result "0-1"]
[WhiteElo "1807"]
[BlackElo "2385"]
[PlyCount "46"]
[EventDate "2008.10.25"]
[EventRounds "7"]
[EventCountry "ESP"]

1. d4 g6 2. c4 Bg7 3. g3 c5 4. e3 cxd4 5. exd4 Qb6 6. Nf3 Nc6 7. d5 Bxb2 8.
Bxb2 Qxb2 9. Nbd2 Nd4 10. Nxd4 Qxd4 11. Be2 d6 12. O-O Nf6 13. Bf3 Bf5 14. Re1
Kf8 15. Qc1 Nd7 16. Nb3 Qf6 17. c5 Ne5 18. Qh6+ Kg8 19. Bg2 Nd3 20. Re3 dxc5
21. Rd1 c4 22. Na5 Nxf2 23. Rd2 Ng4 0-1

[Event "Gipuzkoako Txapelketa Nagusia"]
[Site "Donostia"]
[Date "2008.11.01"]
[Round "2.1"]
[White "Iglesias Gonzalez, Veronica"]
[Black "Zubia Aramburu, Mikel"]
[Result "1/2-1/2"]
[WhiteElo "1805"]
[BlackElo "1895"]
[PlyCount "99"]
[EventDate "2008.10.25"]
[EventRounds "7"]
[EventCountry "ESP"]

1. c4 c6 2. Nc3 d5 3. cxd5 cxd5 4. d4 Nf6 5. Nf3 Nc6 6. g3 Bf5 7. a3 e6 8. Bg2
Be7 9. O-O O-O 10. Nh4 Bg4 11. h3 Bh5 12. Bf3 Bxf3 13. Nxf3 Rc8 14. Qd3 a6 15.
b4 Qc7 16. Bf4 Nxb4 17. axb4 Qxc3 18. Qxc3 Rxc3 19. Bd2 Rc4 20. Rfb1 Rfc8 21.
b5 Ne4 22. bxa6 bxa6 23. Be1 Bf6 24. e3 R4c6 25. Rb7 h6 26. Ra7 g5 27. R7xa6
Rxa6 28. Rxa6 h5 29. Kg2 Rc2 30. g4 hxg4 31. hxg4 Kg7 32. Ra8 Be7 33. Rb8 Bd6
34. Rb7 Kg6 35. Ne5+ Bxe5 36. dxe5 Nc5 37. Rc7 Rc4 38. f4 gxf4 39. exf4 Nd3 40.
f5+ exf5 41. gxf5+ Kxf5 42. Rxf7+ Kxe5 43. Bg3+ Ke6 44. Rf8 Rc2+ 45. Kf3 Ne5+
46. Bxe5 Kxe5 47. Ke3 d4+ 48. Kd3 Rc3+ 49. Kd2 Rc6 50. Kd3 1/2-1/2

[Event "Gipuzkoako Txapelketa Nagusia"]
[Site "Donostia"]
[Date "2008.11.01"]
[Round "2.1"]
[White "Ezkerro Hernandez, Pablo"]
[Black "Bello Castano, Diego"]
[Result "0-1"]
[WhiteElo "1794"]
[BlackElo "1887"]
[PlyCount "42"]
[EventDate "2008.10.25"]
[EventRounds "7"]
[EventCountry "ESP"]

1. e4 c6 2. d4 d5 3. e5 Bf5 4. Bd3 Bxd3 5. Qxd3 e6 6. Nf3 Ne7 7. Bg5 Qb6 8. Qb3
Qxb3 9. axb3 Nf5 10. O-O c5 11. dxc5 Bxc5 12. c3 Nc6 13. b4 Bb6 14. Nbd2 h6 15.
Bf4 g5 16. Bg3 g4 17. Nh4 Nxg3 18. hxg3 Nxe5 19. b3 Rc8 20. Rac1 Nd3 21. Rc2
Nxb4 0-1

[Event "Gipuzkoako Txapelketa Nagusia"]
[Site "Donostia"]
[Date "2008.11.01"]
[Round "2.1"]
[White "Cantabrana Garona, Alejandro"]
[Black "Lazkano Gaite, Tomas"]
[Result "1-0"]
[WhiteElo "1834"]
[BlackElo "1776"]
[PlyCount "86"]
[EventDate "2008.10.25"]
[EventRounds "7"]
[EventCountry "ESP"]

1. d4 Nf6 2. c4 e6 3. e3 d5 4. Nf3 Nbd7 5. Bd3 b6 6. O-O c5 7. b3 cxd4 8. exd4
Be7 9. Nbd2 O-O 10. Ne5 Nxe5 11. dxe5 Nd7 12. Bb2 f5 13. cxd5 exd5 14. Rc1 Nc5
15. Bb1 a5 16. Nf3 Ba6 17. Re1 Ne6 18. Nd4 Nxd4 19. Bxd4 Rc8 20. Qf3 Qd7 21.
Bxb6 a4 22. bxa4 Qe6 23. Bd4 Bg5 24. Rxc8 Bxc8 25. Bd3 Bd7 26. Bb5 Ra8 27. Bxd7
Qxd7 28. e6 Qe7 29. Qxd5 Rd8 30. Qc4 Re8 31. a5 Bd2 32. Re5 Rb8 33. g3 f4 34.
Bb6 f3 35. Rb5 Re8 36. Re5 Rb8 37. h4 Kh8 38. Qg4 Qf6 39. Bd4 Qe7 40. Rd5 Qb7
41. Rd7 Qb1+ 42. Kh2 Qg6 43. Rxg7 Qxg4 1-0